| 000 | 00391 a2200145 4500 | ||
|---|---|---|---|
| 040 |
_aDLC _bDLC |
||
| 082 | _a297.63 | ||
| 100 | _aAbdul Waheed | ||
| 245 |
_aThe personality of Allah's last messenger Muhammad (BUH) _cAbdul Waheed |
||
| 260 |
_aKarachi _cc2011 |
||
| 300 | _axii, 96 | ||
| 650 | _aPersonality of Hazrat Muhammad (PBUH) | ||
| 700 | _aAbdul Waheed | ||
| 942 |
_cBK _k297.63 ABD _2ddc |
||
| 999 |
_c10517 _d10517 |
||